FOOTBALL - Meilleurs Passeurs du Bayern Munich - Statistiques

Statistiques générales
  • Ce quiz a été pris 53 fois
  • Le résultat moyen est 9 sur 20
Statistiques - réponses
Hint Réponse % Correct
107 Gerd Müller
98%
276 Thomas Müller
98%
182 Franck Ribery
87%
100 Arjen Robben
82%
127 Joshua Kimmich
78%
73 Robert Lewandowski
78%
71 Serge Gnabry
58%
71 Kingsley Coman
53%
98 Bastian Schweinsteiger
51%
55 Leroy Sané
44%
70 Philipp Lahm
44%
55 David Alaba
36%
75 Franz Beckenbauer
33%
70 Karl-Heinz Rummenigge
13%
56 Giovane Elber
7%
106 Mehmet Scholl
4%
62 Zé Roberto
4%
54 Hasan Salihamidzic
2%
54 Stefan Effenberg
2%
63 Uli Hoeneß
2%
Aucun quiz correspondant
Distribution des résultats
% des personnes avec chaque résultat
Percentile par nombre de réponses
Votre historique - résultats
Vous n’avez pas pris ce quiz